| 000 | 00381nam a2200133Ia 4500 | ||
|---|---|---|---|
| 008 | 211118s9999||||xx |||||||||||||| ||und|| | ||
| 082 |
_a894.8123 _bMUK-M |
||
| 100 | _aMukundan, M | ||
| 245 | 0 | _aMukundante Kathakal | |
| 260 |
_bCurrent Books _aKottayam _c1982 |
||
| 630 | _xMalayalam NovelGeneral Stack | ||
| 650 |
_aMalayalam Literature _vMalayalam FictionMalayalam |
||
| 942 | _cBOOK | ||
| 999 |
_c96059 _d96059 |
||